[Event "IRI-ch 18th"]
[Site "Tehran"]
[Date "2008.02.23"]
[Round "9"]
[White "Sadeh, Shahin"]
[Black "Dalir, Faradj"]
[Result "1-0"]
[WhiteElo "2200"]
[BlackElo "2200"]
[PlyCount "107"]
[EventDate "2008.02.16"]
[EventType "tourn"]
[EventRounds "13"]
[EventCountry "IRI"]
[EventCategory "2"]
[SourceTitle "CBM 123 Extra"]
[Source "ChessBase"]
[SourceDate "2008.05.06"]
[SourceVersion "1"]
[SourceVersionDate "2008.05.06"]
[SourceQuality "1"]

1. e4 e6 2. d3 d5 3. Nd2 g6 4. Ngf3 Bg7 5. g3 Ne7 6. Bg2 0-0 7. 0-0 Nd7 8. Re1 Rb8 9. Nf1 c6 10. h4 e5 11. exd5 Nxd5 12. c4 N5b6 13. Be3 Re8 14. Rb1 Nf8 15. Qb3 Ne6 16. N1d2 Nd7 17. Qa3 a5 18. Ne4 Bf8 19. c5 b6 20. Qc3 Nexc5 21. Nxc5 bxc5 22. Bd2 Bg7 23. Qxa5 Qxa5 24. Bxa5 Ra8 25. Bc3 Rxa2 26. Nxe5 Nxe5 27. f4 Bf5 28. fxe5 c4 29. Bxc6 Rd8 30. d4 Bxb1 31. Rxb1 Ra7 32. Kf2 f6 33. e6 Bf8 34. d5 Be7 35. Rc1 Rd6 36. Rd1 Rc7 37. Bb4 Rdxc6 38. Bxe7 Rxe6 39. dxe6 Rxe7 40. Rd6 Kf8 41. Rd8+ Kg7 42. Rd7 Kf8 43. Rxe7 Kxe7 44. Ke3 g5 45. Kd4 h5 46. Kxc4 f5 47. hxg5 f4 48. Kd3 fxg3 49. Ke3 Kxe6 50. b4 Kf5 51. g6 Kxg6 52. b5 h4 53. Kf3 Kf5 54. b6 1-0

[Event "IRI-ch 18th"]
[Site "Tehran"]
[Date "2008.02.21"]
[Round "7"]
[White "Ghaem Maghami, Ehsan"]
[Black "Dalir, Faradj"]
[Result "1-0"]
[WhiteElo "2589"]
[BlackElo "2200"]
[PlyCount "57"]
[EventDate "2008.02.16"]
[EventType "tourn"]
[EventRounds "13"]
[EventCountry "IRI"]
[EventCategory "2"]
[SourceTitle "CBM 123 Extra"]
[Source "ChessBase"]
[SourceDate "2008.05.06"]
[SourceVersion "1"]
[SourceVersionDate "2008.05.06"]
[SourceQuality "1"]

1. c4 Nf6 2. Nc3 e6 3. e4 d5 4. e5 d4 5. exf6 dxc3 6. bxc3 Qxf6 7. Nf3 e5 8. d4 exd4 9. Bg5 Qe6+ 10. Be2 Bd6 11. cxd4 0-0 12. 0-0 b6 13. Bd3 Bb7 14. Re1 Qg4 15. d5 g6 16. Qd2 Qc8 17. Bf6 Nd7 18. Bf5 Nxf6 19. Bxc8 Bxc8 20. Qc3 Nd7 21. Nd4 Ba6 22. Nc6 h6 23. Qh3 Nf6 24. Qxh6 Ng4 25. Qh4 Nxh2 26. Ne7+ Kg7 27. Nf5+ gxf5 28. Qg5+ Kh8 29. Re3 1-0

[Event "IRI-ch 18th"]
[Site "Tehran"]
[Date "2008.02.16"]
[Round "1"]
[White "Dalir, Faradj"]
[Black "Ghorbani, Mohsen"]
[Result "0-1"]
[WhiteElo "2200"]
[BlackElo "2347"]
[PlyCount "106"]
[EventDate "2008.02.16"]
[EventType "tourn"]
[EventRounds "13"]
[EventCountry "IRI"]
[EventCategory "2"]
[SourceTitle "CBM 123 Extra"]
[Source "ChessBase"]
[SourceDate "2008.05.06"]
[SourceVersion "1"]
[SourceVersionDate "2008.05.06"]
[SourceQuality "1"]

1. Nf3 Nf6 2. d4 d6 3. Nc3 Bg4 4. g3 Bxf3 5. exf3 Nbd7 6. Bg2 g6 7. f4 Rb8 8. d5 Bg7 9. 0-0 0-0 10. Re1 Re8 11. Be3 a6 12. Ba7 Rc8 13. Bd4 c5 14. dxc6 bxc6 15. Ne4 c5 16. Nxf6+ Bxf6 17. Bxf6 Nxf6 18. c4 Qd7 19. Re3 Rb8 20. Qc2 Rb6 21. Rae1 Kf8 22. Qc3 Qd8 23. g4 e6 24. g5 Nh5 25. Bf3 Ng7 26. Bg4 Kg8 27. h4 Rf8 28. Rh3 d5 29. h5 dxc4 30. h6 Ne8 31. Rhe3 Qd4 32. Qxd4 cxd4 33. Re4 Rxb2 34. Rxd4 c3 35. Rc4 Rxa2 36. Rd1 c2 37. Rc1 Nd6 38. R1xc2 Rxc2 39. Rxc2 Nb5 40. Rc6 Ra8 41. Rb6 Nc7 42. Bf3 Nd5 43. Bxd5 exd5 44. Rb4 a5 45. Ra4 Kf8 46. Kg2 Ke7 47. Kf3 Kd6 48. Ke3 Kc5 49. Kd3 Kb5 50. Ra1 a4 51. Kd4 a3 52. Kxd5 Ra6 53. Ke5 Kb4 0-1